00277nam a2200121Ia 45000030006000000080041000060400015000471000020000622450035000822600009001175460012001260050017001380STCL150530s9999 xx 000 0 und d aSTCLcSTCL aJohn Hobson, A. aEvolution of modern capitalism c1916 aEnglish20220125165450.0